Online
Catalog

La virtuosa compañía : (Record no. 39430)

MARC details
000 -CABECERA
campo de control de longitud fija 00582nam a2200181 a 4500
001 - NÚMERO DE CONTROL
campo de control 000039940
005 - FECHA Y HORA DE LA ÚLTIMA TRANSACCIÓN
campo de control 20201002033824.0
008 - DATOS DE LONGITUD FIJA--INFORMACIÓN GENERAL
campo de control de longitud fija 130731s1969 sp 000 0 spa d
040 ## - FUENTE DE LA CATALOGACIÓN
Centro catalogador/agencia de origen DO-SdBNP
Lengua de catalogación spa
Centro/agencia transcriptor BNPHU
082 ## - NÚMERO DE LA CLASIFICACIÓN DECIMAL DEWEY
Número de clasificación xxx
100 1# - ENTRADA PRINCIPAL--NOMBRE DE PERSONA
Nombre de persona Lewis, Norman
9 (RLIN) 66150
240 10 - TÍTULO UNIFORME
Título uniforme The honoured society
Lenguaje de la obra español
245 13 - MENCIÓN DE TÍTULO
Título La virtuosa compañía :
Resto del título (Mafia) /
Mención de responsabilidad, etc. Norman Lewis ; traducción Laura Pujol y Ángel Abad.
260 ## - PUBLICACIÓN, DISTRIBUCIÓN, ETC.
Lugar de publicación, distribución, etc. Barcelona, España :
Nombre del editor, distribuidor, etc. Seix Barral,
Fecha de publicación, distribución, etc. 1969.
300 ## - DESCRIPCIÓN FÍSICA
Extensión 267 p. ;
Dimensiones 19 cm.
700 1# - PUNTO DE ACCESO ADICIONAL--NOMBRE DE PERSONA
Nombre de persona Pujol, Laura,
Término indicativo de función/relación tr.
9 (RLIN) 66151
700 1# - PUNTO DE ACCESO ADICIONAL--NOMBRE DE PERSONA
Nombre de persona Abad, Ángel,
Término indicativo de función/relación tr.
9 (RLIN) 66152
Holdings
Estado de retiro Estado de pérdida Restricciones de uso No para préstamo Código de colección Localización permanente Ubicación/localización actual Ubicación en estantería Fecha de adquisición Número de inventario Total de préstamos Signatura topográfica completa Código de barras Fecha visto por última vez Precio válido a partir de Tipo de ítem Koha
      Excluido de préstamo Monografías: Libros y Folletos General General En catalogación 31.07.2013 LF1   xxx 39940-10 25.06.2020 25.06.2020 No se presta

Powered by Koha